000 00505cam a2200205 4500
001 D6310
008 090401t1978 xxu||||| |||| 00| 0 eng d
035 _a(Sirsi) u218
041 _aeng
050 _a658.99
100 _aKavanagh, Thomas C
245 _aConstruction management: a professional approach
260 _aNew York
_bMcGraw-Hill
_c1978
300 _aviii. 399p. 24cm
350 _a12.7
700 _aMuller, Frank
700 _aO`Brien, James J.
942 _n0
948 _c04/03/1997
999 _c85488
_d85488